000 01361nam a2200217 4500
040 _cNSHS
082 _a297.52
_bNAQ
100 1 _aNaqshbandī, Zulfiqār Aḥmad
_9130070
245 _aNamāz ke asrār o ramūz /
_cmuʾallif maḥbūb-i ʿulamāʾ o aṣlāḥāʾ Haẓrat Maulānā Pīr Z̲ūlfiqār Aḥmad Naqshbandī.
246 _aNamaz ke asrar o ramuz
246 _aNimaz ke asrar ramoz
260 _aFaiṣalābād :
_bMaktabat al-Faqīr,
_c2013.
300 _a295 pages.
500 _aDC010725
500 _aReligion
520 _a"Namaz ke Asraar-o-Ramooz" ek roohani aur fikri kitaab hai jo Islamic prayer (namaz) ke andar chhupe hue asraar (raaz) aur ramooz (ma'navi haqa’iq) ko bayaan karti hai. Is kitaab mein namaz ko sirf ek zahiri ibadat nahi, balki ek aisi roohani journey ke tor par pesh kiya gaya hai jo banda ko Allah se qurbat aur ma‘rifat ki manzilon tak le jati hai. Muallif ne is mein Qurani ayaat, ahadees, aur sufiyana afkaar ke zariye ye samjhane ki koshish ki hai ke namaz insaan ke andar tazkiyah, khushu‘, aur ikhlaas paida karti hai. Yeh kitaab un logon ke liye mufeed hai jo namaz ko samajh kar, mehsoos kar ke aur roohani taur par ada karna chahte hain.
546 _ain Urdu
650 0 _aSalat (Prayer five times daily)
_xIslam
_9130071
942 _2ddc
_cBK
999 _c614376
_d614376